|
|
|
|
| LEADER |
00777nam a2200205 i 4500 |
| 001 |
c000032457 |
| 003 |
CARM |
| 005 |
00000000000000.0 |
| 008 |
841113s1952 xx eng d |
| 019 |
1 |
|
|a 9708686
|5 LACONCORD2021
|
| 035 |
|
|
|a (OCoLC)10068621
|5 LACONCORD2021
|
| 100 |
1 |
|
|a Gerasimov, Aleksandr Mikhailovich,
|d 1884-.
|
| 245 |
1 |
0 |
|a Za sotsialisticheskii realizm :
|b sbornik statei i dokladov.
|
| 260 |
|
|
|a Izd.-vo :
|b Akademii khudozhestv SSSR,
|c 1952.
|
| 300 |
|
|
|a 348 p.
|
| 650 |
|
0 |
|a Art
|z Soviet Union.
|
| 650 |
|
0 |
|a Realism in art.
|
| 852 |
8 |
|
|b CARM
|h A2:AE22C0
|i B00663
|p 0035289
|f BK
|
| 999 |
f |
f |
|i b5e59830-1d06-5fe4-8eac-c26bd3e31640
|s f4edb56f-f48b-5482-9ff9-f239546705aa
|
| 952 |
f |
f |
|p Can circulate
|a CAVAL
|b CAVAL
|c CAVAL
|d CARM 1 Store
|e B00663
|f A2:AE22C0
|h Other scheme
|i book
|m 0035289
|